Democracia feminista /
Exposición sobre el feminismo, visto con el estatuto de una teoría política, como una alternativa que ofrece un nuevo modelo de democracia y supera las limitaciones del liberalismo o la socialdemocracia. La autora sostiene que el feministo es la única teoría política capaz de conciliar la libertad i...
Guardado en:
| Hovedforfatter: | |
|---|---|
| Format: | Bog |
| Sprog: | spansk |
| Udgivet: |
Madrid, España : Valencia, España :
Cátedra : Instituto de la Mujer ; Universidad de Valencia,
2003, c2003
|
| Serier: | (Feminismos ;
74) |
| Fag: | |
| Tags: |
Ingen Tags, Vær først til at tagge denne postø!
|
MARC
| LEADER | 00000nam^a2200000^a^4500 | ||
|---|---|---|---|
| 001 | 000177114 | ||
| 005 | 20250521000000.0 | ||
| 009 | 20260310101704.637 | ||
| 020 | |a 84-376-2080-5 | ||
| 037 | |a Acervo ITESO - Biblioteca | ||
| 041 | |a ESP | ||
| 082 | |a 305. 42 |b CAT V. 74 | ||
| 100 | |a Miyares, Alicia |e (autor) | ||
| 245 | 1 | 0 | |a Democracia feminista / |c A. Miyares. |
| 264 | 4 | |a Madrid, España : |b Cátedra : |b Instituto de la Mujer ; |a Valencia, España : |b Universidad de Valencia, |c 2003, c2003 | |
| 300 | |a 220 p. | ||
| 336 | |a texto |b txt |2 rdacontenido | ||
| 337 | |a sin mediación |b n |2 rdamedio | ||
| 338 | |a volumen |b nc |2 rdasoporte | ||
| 440 | 1 | |a (Feminismos ; |v 74) | |
| 520 | |a Exposición sobre el feminismo, visto con el estatuto de una teoría política, como una alternativa que ofrece un nuevo modelo de democracia y supera las limitaciones del liberalismo o la socialdemocracia. La autora sostiene que el feministo es la única teoría política capaz de conciliar la libertad individual con la exigencia de una igualdad distributiva y de reconocimiento. | ||
| 649 | |a XX | ||
| 650 | |a Justicia e Injusticia | ||
| 650 | |a Igualdad y Desigualdad | ||
| 650 | |a Libertad | ||
| 650 | |a Feminismo - |x Teoría - |x Tema Principal | ||
| 650 | |a Socialdemocracia | ||
| 650 | |a Democracia - |x Teoría - |x Tema Principal | ||
| 650 | |a Liberalismo | ||
| 650 | |a Socialismo | ||
| 650 | |a Política - |x Teoría | ||
| 910 | |a Fondo General | ||
| 920 | |a Impresos - Libros | ||
| 930 | |a Colección General | ||
| 905 | |a 101 | ||
| 901 | |a 0500115547 |b IT1 |c ACC |u 20250521 | ||
| 902 | |a https://opac.biblio.iteso.mx/vufind/Record/000177114 | ||